Score 0/8 Timer 03:00
6 Plays Today
% Correct
Dallas Buyers Club
77%
Django Unchained
75.8%
Shutter Island
75.2%
Catch Me If You Can
75.1%
Raging Bull
74%
The Aviator
69.1%
The Color of Money
68.8%
Good Will Hunting
53.9%

You're not logged in!

Compare scores with friends on all Sporcle quizzes.
OR
Log In

Sporcle TV

Today on Sporcle TV


Watch our educational content, quiz creation guides, and fun videos on Sporcle TV.

Show Comments

Extras

Top Quizzes Today


Score Distribution

Paid Content

Your Account Isn't Verified!

In order to create a playlist on Sporcle, you need to verify the email address you used during registration. Go to your Sporcle Settings to finish the process.

Report this User

Report this user for behavior that violates our Community Guidelines.

Details: